000 01250nam a22002897a 4500
005 20240530110514.0
008 160113s2013 ua g b 000 0 ara d
017 _a2011/14161
_bمصر . دار الكتب المصرية
020 _a9772122146
040 _aEG-CaGPL
082 0 4 _221
_a953.07393\
_bس أ
100 0 _aسمير صبرى شبل سالم
245 1 2 _aالانظمة المشرقية و المغربية فى العصر الايوبى /
_cتاليف سمير صبرى شبل سالم ؛ تقديم احمد مختار العبادى
260 _aالاسكندرية :
_bمؤسسة شباب الجامعة ،
_c2013 .
300 _a415 ص ؛
_c24 سم .
504 _aيشتمل على ارجاعات ببليوجرافية
650 0 4 _aالايوبيون
_xالدولة الايوبية
650 0 4 _aتاريخ العصر الايوبى
650 0 4 _aمعركة حطين
650 0 4 _aالدولة الايوبية
_xاصول
650 0 4 _aالدولة الايوبية
_xالنظام العسكرى
650 0 4 _aالدولة الايوبية
_xجيش
650 0 4 _aالسلاجقة
700 0 _aاحمد مختار العبادى
_eمقدم
942 _2ddc
_cBK
999 _c61751
_d61751